Vienne - mort subite - Statistiques

Statistiques générales
  • Ce quiz a été pris 20 fois
  • Le résultat moyen est 9 sur 18
Answers on the Grid
Answers color-coded by a green-red scale on the quiz's grid according to % correct below.
Buttes-Chaumont
Dresde
Un aéroport
Bruxelles
Bayeux
Châtellerault
L'Isle-Jourdain
Plabennec
Loudun
Vienne
Le plus grand cratère d'impact sur Terre
Smarves
Domaine La Tour Beaumont
Moulmein
Manisa
Les Poitevins
Die
Les Montmorillonnaises
La plus vieille ville de France
Buxerolles
Ampelidae
Lhommaizé
Saint-Martin-la-Pallu
Ménilmontant
Vert-le-Petit
Le site du camp de la route de Limoges
Clamart
Saint-Gervais-les-Trois-Clochers
Une frontière avec la Mayenne
Sèvres-Anxaumont
Poitiers
Ingrandes
Usson-du-Poitou
Une frontière avec la Vendée
Une frontière avec la Creuse
Porte de Montempoivre
 
Statistiques - réponses
Réponse % Correct
Châtellerault
79%
Loudun
79%
Poitiers
79%
Poitiers-Biard Un aéroport
71%
Buxerolles
57%
Habitants femelles de Montmorillon Les Montmorillonnaises
57%
Un nom pour les habitants Les Poitevins
57%
Smarves
57%
Ingrandes
43%
Lhommaizé
43%
L'Isle-Jourdain
43%
Usson-du-Poitou
43%
Créé en 1939 pour accueillir des réfugiés espagnols, il est devenu pendant la Seconde Guerre mondiale un camp d'internement, étape sur la route des camps de la mort Le site du camp de la route de Limoges
36%
Saint-Martin-la-Pallu
36%
Sèvres-Anxaumont
36%
Domaine La Tour Beaumont
21%
Saint-Gervais-les-Trois-Clochers
21%
Vignoble Ampelidae
0%
Aucun quiz correspondant
Distribution des résultats
% des personnes avec chaque résultat
Percentile par nombre de réponses
Votre historique - résultats
Vous n’avez pas pris ce quiz